| 000 | 01915pam a2200277 i 4500 | ||
|---|---|---|---|
| 001 | 4292 | ||
| 003 | FISKH | ||
| 005 | 20240712145928.0 | ||
| 008 | 790419s1980 nyu b 001 0 eng | ||
| 010 | _a 79002312 | ||
| 020 | _a0060148039 : | ||
| 020 | _a9780060838652 | ||
| 040 |
_aDLC _cDLC _dDLC _beng |
||
| 050 | _aE178.Z75 | ||
| 082 | _a973 | ||
| 100 | 1 |
_aZinn, Howard, _d1922-2010. |
|
| 245 | 1 | 2 |
_aA people's history of the United States / _cHoward Zinn. |
| 250 | _aThis edition published in 2005 | ||
| 260 |
_aNew York : _bHarper Perenial, _c1980. |
||
| 300 |
_a729, 16 pages : _c21 cm |
||
| 520 | _a"With a new introduction by Anthony Arnove, this edition of the classic national bestseller chronicles American history from the bottom up, throwing out the official narrative taught in schools--with its emphasis on great men in high places-- to focus on the street, the home, and the workplace. Known for its lively, clear prose as well as its scholarly research, A People's History of the United States is the only volume to tell America's story from the point of view of--and in the words of--America's women, factory workers, African-Americans, Native Americans, the working poor, and immigrant laborers. As historian Howard Zinn shows, many of our country's greatest battles--the fights for a fair wage, an eight-hour workday, child-labor laws, health and safety standards, universal suffrage, women's rights, racial equality--were carried out at the grassroots level, against bloody resistance. Covering Christopher Columbus's arrival through President Clinton's first term, A People's History of the United States, which was nominated for the American Book Award in 1981, features insightful analysis of the most important events in our history."-- | ||
| 650 |
_xCivilization. _zUnited States |
||
| 906 |
_a7 _bcbc _corignew _d1 _eocip _f19 _gy-gencatlg |
||
| 942 |
_2ddc _cBK _n0 |
||
| 999 |
_c4292 _d4292 |
||